p-adic Numbers : an introduction
Αποθηκεύτηκε σε:
| Κύριος συγγραφέας: | |
|---|---|
| Μορφή: | Βιβλίο |
| Γλώσσα: | English |
| Δημοσίευση: |
Berlin ; New York :
Springer,
c1997
|
| Έκδοση: | 2nd ed. |
| Σειρά: | Universitext
|
| Θέματα: | |
| Ετικέτες: |
Προσθήκη ετικέτας
Δεν υπάρχουν, Καταχωρήστε ετικέτα πρώτοι!
|
MARC
| LEADER | 00000nam a2200000 i 4500 | ||
|---|---|---|---|
| 001 | 1/60599 | ||
| 008 | 071029s1997 eng d | ||
| 020 | |a 3-540-62911-4 | ||
| 035 | |l 10091866 | ||
| 040 | |a GR-MY-UA |b gre |e aacr | ||
| 041 | 0 | |a eng | |
| 082 | 0 | |a 512.74 |2 (22) | |
| 100 | 1 | |a Gouvea, Fernando Q. |q (Fernando Quadros) | |
| 245 | 1 | 0 | |a p-adic Numbers : |b an introduction / |c Fernando Q. Gouvka |
| 250 | |a 2nd ed. | ||
| 260 | |a Berlin ; New York : |b Springer, |c c1997 | ||
| 300 | |a vi, 302 σ.; |b εικ.; |c 24 εκ. | ||
| 490 | 1 | |a Universitext | |
| 504 | |a Περιλαμβάνει βιβλιογραφικές παραπομπές (σ. [295]-297) και ευρετήριο. | ||
| 650 | 0 | 0 | |a p-adic numbers. |
| 830 | 0 | |a Universitext | |
| 852 | |a INST |b SAMOS |e 20071029 |h 512.74 GOU |p 005300027983 |q 005300027983 |t BK |y 0 | ||
| 901 | |a BIBL3-2007-3 | ||
| 909 | |a Σ |b 139209 | ||
| 922 | |a 3ΕΛΗ |b 200709 |c ΕΠΕΑΕΚ2/ΤΜΗΜΑ ΜΑΘΗΜΑΤΙΚΩΝ |d ΠΑΠΑΣΩΤΗΡΙΟΥ | ||
| 970 | |a ΣΙΤΖΙΜΗ |b ΓΙΑΣΕΜΗ |z 2007/10/29 | ||